000 00250nam a2200097Ia 4500
001 984819
005 20250826221031.0
008 250824s9999 xx 000 0 und d
245 0 _aUZAY MACERALARI GİZLİ PLAN
_cNAZLI ASPAY SENER
260 _bGENÇ HAYAT
999 _c984819
_d984819